00595nam a2200193 a 450000100060000000300080000600500170001400800390003103500190007004000270008904100080011608200240012410000180014824500510016626000610021730000270027850000190030560000770032415943BD-RjUL20211208235922.0161125s1965 njua b 001 0 eng a(BD-RjUL)15998 aDLCbengcDLCdBD-RjUL aeng a823.5223bSTD 19651 aStarr, G. A. 10aDefoe & spiritual autobiography /cG. A. Starr aPrinceton, N.J. :b Princeton University Press, cc1965. axiii, 203 p. ;c22 cm. aIncludes Index aDefoe, Daniel, xSpiritual life in literaturexAutobiographyy1661?-1731